00374cam a22001097a 4500008004000000082001900040245006000059260006100119300001100180700005100191700002200242180718b1963 xxu||||| |||| 00| 0 eng d aB136x54 In2 pl aPlanning for minimum incomecedited by Jhaverbhai Patel aNew DelhibKhadi and Village Industries Commissionc1963 a190+p. aIndia. Khadi and Village Industries Commission aPatel, Jhaverbhai